| 000 | 00452nam a22001337a 4500 | ||
|---|---|---|---|
| 999 |
_c2924 _d2924 |
||
| 008 | 200318b ||||| |||| 00| 0 eng d | ||
| 100 |
_9672 _aTaylor, Captain L.G. |
||
| 245 | 1 | 0 |
_aCargo Work : the care, handling and carriage of cargoes including the management of marine cargo transportation / _cby L. G. Taylor. |
| 250 | _a12th ed. | ||
| 260 |
_aGlasgow: _bBrown, Son & Ferguson, _c1992. |
||
| 300 | _axvi, 506 | ||
| 650 | 0 | _aCargo Handling | |
| 942 | _cBK | ||